عرض عادي عرض مارك
  • Human anatomy

مدخل مصطلح موضوعي

عدد التسجيلات المستخدمة في: 1

001 - رقم الضبط

  • حقل الضبط: 38565

003 - معرف رقم الضبط

  • حقل الضبط: OSt

005 - تاريخ ووقت أخر عملية

  • حقل الضبط: 20131029182629.0

008 - عناصر بيانات ثابتة الطول

  • حقل تحكم ثابت الطول: 131029|||a|||||| | ||| d

040 ## - مصدر الفهرسة

  • هيئة الفهرسة الأصلية: OSt
  • وكالة الكتابة: OSt

150 ## - مدخل-- مصطلح تاريخي

  • عنصر مدخل المصطلح الموضوعي او الاسم الجغرافي: Human anatomy
  • تفريع شكلي: Handbooks, manuals, etc.

670 ## - بيانات المصدر موجوده

  • الاستشهاد بالمصدر: Work cat.: (OSt)0: Moore, Keith L. 16122, Essential clinical anatomy /, c2011.